Measurements of radar backscatter from a hybrid of sorghum

Gardado en:
Detalles Bibliográficos
Autor Principal: Fowwaz,Ulaby
Outros autores: Batlivala, Percy P
Formato: Libro
Idioma:English
Publicado: Lawrence, Kansas : The University of Kansas Center for Research .Inc 1975
Etiquetas: Engadir etiqueta
Sen Etiquetas, Sexa o primeiro en etiquetar este rexistro!

MARC

LEADER 00000nam a2200000Ia 4500
003 MV0039
005 20221231143957.0
008 140114s1975 ksua 000 ||eng d
040 |c cru CEDI 
082 |a MV 39 
100 |a Fowwaz,Ulaby  |9 21214 
245 |a Measurements of radar backscatter from a hybrid of sorghum 
260 |a Lawrence, Kansas : The University of Kansas Center for Research .Inc  |c  1975 
300 |a 42 páginas 
700 |9 21215  |a Batlivala, Percy P 
942 |c MX 
999 |c 15077  |d 15077